000
00337 a2200157 4500
001
60043
020
_a
8508075502
040
_c
Anchieta - Pituba
100
_a
Brezina, Thomas
240
1
0
_a
Mistério em Veneza
_l
por
245
1
0
_a
Mistério em Veneza
300
_a
84
362
0
_a
2003
650
4
_a
Literatura juvenil
942
_c
BK
999
_c
60043
_d
60043